Stati per Fuso Orario - UTC+6 - Statistics

Statistiche generali
  • Questo quiz è stato fatto 12 volte
  • Il punteggio medio è 11 su 14
Statistiche sulle risposte
Continente Nazione % Corretto
Asia Circondario federale della Siberia (Russia)
100%
Asia Regione del Kazakistan Orientale (Kazakistan)
90%
Asia Regione del Kazakistan Settentrionale (Kazakistan)
90%
Asia Regione di Almaty (Kazakistan)
90%
Asia Regione di Aqmola (Kazakistan)
90%
Asia Regione di Karaganda (Kazakistan)
90%
Asia Regione di Pavlodar (Kazakistan)
90%
Asia Regione di Qostanay (Kazakistan)
90%
Asia Regione di Turkistan (Kazakistan)
90%
Asia Regione di Zhambyl (Kazakistan)
90%
Asia Kirghizistan
70%
Asia Bhutan
60%
- Territorio Britannico dell'Oceano Indiano (Regno Unito)
40%
Asia Bangladesh
30%
Nessun quiz corrispondente trovato
Distribuzione punteggi
Percentuale di utenti per punteggio
Percentile per numero di risposta
I tuoi punteggi nel tempo
Non hai fatto questo quiz